|
|
|
|
| LEADER |
01445nam a2200373 4500 |
| 001 |
000023995 |
| 003 |
20448 |
| 005 |
20160527090536.0 |
| 008 |
160527s2013 engsd |
| 020 |
|
|
|a 0073377082 (pbk. : alk. paper)
|a 9780073377087 (pbk. : alk. paper)
|
| 041 |
0 |
|
|a eng
|
| 082 |
0 |
0 |
|a 613.71
|b Bus
|
| 245 |
0 |
0 |
|a Business management for the personal fitness trainer
|c Charles M. Ware, Charles E. Bamford, Garry D. Bruton.
|
| 260 |
|
|
|a New York, NY.
|b McGraw-Hill
|c 2013
|
| 300 |
|
|
|a xvii, 282 p.
|b col. ill.
|c 28 cm.
|
| 504 |
|
|
|a Includes bibliographical references (p. 273-275, 277) and index.
|
| 650 |
|
0 |
|a Personal trainers
|v Handbooks, manuals, etc.
|x Vocational guidance
|
| 650 |
|
0 |
|a Personal trainers
|x Finance, Personal
|
| 650 |
|
0 |
|a Physical fitness centers
|v Handbooks, manuals, etc.
|x Management
|
| 653 |
|
0 |
|a Physical fitness centers
|
| 653 |
|
0 |
|a Finance
|
| 700 |
1 |
|
|a Ware, Charles M.
|d 1957-
|
| 700 |
1 |
|
|a Bamford, Charles E.
|
| 700 |
1 |
|
|a Bruton, Garry D.
|
| OWN |
|
|
|a LSP
|
| AVA |
|
|
|a UDN50
|b LSP
|d 613.71 Bus
|e available
|t Error 5001 Not defined in file expand_doc_bib_avail.
|f 1
|g 0
|h N
|i 0
|k 1
|
| 999 |
|
|
|a From the UDN01
|
| AVA |
|
|
|a UDN50
|b LSP
|d 613.71 Bus
|e available
|t Error 5001 Not defined in file expand_doc_bib_avail.
|f 1
|g 0
|h N
|i 0
|k 1
|
| TYP |
|
|
|a Monograph
|
| TYP |
|
|
|a Printed language
|
| 980 |
|
|
|a Mạng thư viện Đại học Đà Nẵng
|